00837nam a2200217 a 4500001000900000005001700009008004100026020001800067041000800085044000700093050002200100245014900122260006800271300003200339650003800371700003700409700004400446942001100490999001700501952010100518BRL_123920190320211113.0041213s2015----mx-ae#####---#000-0#spa-# a9786077611677 aspa amx 4aNK5114b.M57 201510aEl misterio de la luzbvidrio mexicanoctextos y presentaciones Rafael Tovar y de Teresa ... [et al.] ; fotografía Carlos Contreras de Oteyza. aMéxicobSecretaría de Cultura : Museo de Arte Popularc2015 a171 p.bil. a colorc25 cm.14aVidrioxDiseñozMéxico9106371 aTovar y de Teresa, Rafael9214961 aContreras de Oteyza, Carloseil.926240 2lcccB c10051d10051 00104070aBRLbBRLd2013-12-04l0oNK5114 .M57 2015p00018r2019-03-22 00:00:00w2019-03-22yB